banner-ar

بناة القاهرة الاسلامية / (Record no. 45136)

MARC details
000 -الفاتح
حقل البيانات ثابتة الطول 00624nam a2200205Ia 4500
008 - عناصر البيانات ثابتة الطول - معلومات عامة
حقل البيانات ثابتة الطول 140319s9999 xx 000 0 ara d
040 ## - مصدر الفهرسة
وكالة الفهرسة الأصلية GCL /
وكالة النسخ GCL
082 04 - رقم تصنيف ديوى العشرى
رقم التصنيف ق
رقم المادة 962.16
-- د ب
100 1# - المدخل الرئيسى - إسم شخصى
الإسم الشخصى ديفرنشير، ر . ل
245 10 - بيان العنوان
العنوان بناة القاهرة الاسلامية /
بيان المسئوليه,etc ديفرنشير، ر . ل
700 1# - المدخل الاضافى - اسم شخصى
الإسم الشخصى محمد سعيد السيد منصور (مترجم)
300 ## - الوصف المادى
التعداد 78 ص
490 ## - بيان السلسلة
عنوان السلسلة
650 04 - المدخل الاضافى بالموضوع-مصطلح موضوعى
مصطلح موضوعي الاثار الاسلامية
650 04 - المدخل الاضافى بالموضوع-مصطلح موضوعى
مصطلح موضوعي الملوك والحكام
650 04 - المدخل الاضافى بالموضوع-مصطلح موضوعى
مصطلح موضوعي القاهرة
650 04 - المدخل الاضافى بالموضوع-مصطلح موضوعى
مصطلح موضوعي القاهرة الاسلامية
942 ## - عناصر المدخل الإضافي( كوها)
مصدر التصنيف او مخطط الترفيف Dewey Decimal Classification
Koha [default] item type كتاب
Holdings
حالة التراجع حالة الفقد حالة تلف ليس للاعارة المكان المؤقت الموقع الحالى تاريخ الاكتساب اجمالي اﻻعارات رقم الطلب الباركود تاريخ اخر مشاهدة تاريخ تفعيل السعر نوع وعاء كوها
        مكتبة القاهرة الكبرى مكتبة القاهرة الكبرى 03/26/2014   ق\962.16\د ب 110192 03/26/2014 03/26/2014 كتاب

Powered By

EGPV